| 000 | 00530nam a2200181Ia 4500 | ||
|---|---|---|---|
| 003 | GCL | ||
| 008 | 140319s9999 xx 000 0 ara d | ||
| 040 |
_aGCL / _cGCL |
||
| 082 | 0 | 4 |
_a375 _bو م |
| 100 | 1 | _aوليد عبداللطيف هوانه | |
| 245 | 1 | 0 |
_aالمنهج فى اعداد المناهج الدراسية / _cوليد عبداللطيف هوانه |
| 300 | _a311 ص | ||
| 490 | _a | ||
| 650 | 0 | 4 | _aالتعليم |
| 650 | 0 | 4 | _aالمناهج |
| 650 | 0 | 4 | _aالمناهج التعليمية |
| 942 |
_2ddc _cBK |
||
| 999 |
_c52259 _d52259 |
||